Maisie Peters - Holy Revival - Statistics

General Stats
  • This quiz has been taken 65 times
  • The average score is 313 of 338
Answer Stats
Answer % Correct
a
100%
And
100%
and
100%
back
100%
be
100%
bitter
100%
Bitter
100%
But
100%
by
100%
By
100%
can’t
100%
child
100%
Christmas
100%
definitely
100%
didn’t
100%
different
100%
ex
100%
gap
100%
get
100%
guess
100%
I
100%
I’ll
100%
I’m
100%
in
100%
into
100%
life
100%
man,
100%
me
100%
men
100%
Merry
100%
middle
100%
my
100%
My
100%
New
100%
on
100%
person
100%
really
100%
So
100%
still
100%
survival
100%
That
100%
that
100%
the
100%
To
100%
to
100%
tolerate
100%
way
100%
year
100%
Year’s
100%
you
100%
you,
100%
your
100%
Andrew
97%
anymore
97%
focus
97%
getting
97%
had
97%
Had
97%
have
97%
holy
97%
Last
97%
like
97%
little
97%
No
97%
no
97%
Now
97%
only
97%
revival
97%
very
97%
was
97%
disappointed
95%
friends
95%
got
95%
he
95%
her
95%
is
95%
listen
95%
Oh
95%
oh
95%
there’s
95%
two
95%
you’ve
95%
attached
92%
Bible
92%
bullshit
92%
crying
92%
kinda
92%
moves
92%
not
92%
them
92%
tubes
92%
weird
92%
who
92%
with
92%
wondering
92%
you’re
92%
You’re
92%
girl
90%
here,
90%
I’d
90%
it
90%
it’s
90%
It’s
90%
Leaves
90%
read
90%
Stay
90%
swore
90%
telling
90%
truth
90%
after
87%
all
87%
Because
87%
bet
87%
dear,
87%
five-day
87%
important
87%
Looks
87%
people
87%
represents
87%
what
87%
head
85%
Which
85%
for
82%
Good
82%
good
82%
tolerating
82%
Before
79%
just,
79%
just
79%
non-bullshit
79%
health
77%
smile
77%
wrong
77%
dumb
74%
fundamentally
74%
obsessed
74%
well
74%
myself
72%
someone
72%
again
69%
doing
69%
done
64%
godspeed
64%
wave,
62%
gets
59%
luck,
54%
Woah
49%
woah
49%
Mmm-hmm
0%
No matching quizzes found
Score Distribution
Percent of People with Each Score
Percentile by Number Answered
Your Score History
You have not taken this quiz